[Event "Judewicz Memorial U2200 sf 6th"]
[Site "Mar del Plata"]
[Date "2019.09.20"]
[Round "2.6"]
[White "Loiterstein, Mariano"]
[Black "Jaramillo, Walter"]
[Result "1/2-1/2"]
[WhiteElo "1990"]
[BlackElo "1794"]
[PlyCount "61"]
[EventDate "2019.09.20"]
[EventType "swiss"]
[EventRounds "7"]
[EventCountry "ARG"]
[SourceTitle "EXT 2024"]
[Source "ChessBase"]
[SourceDate "2023.10.10"]
[SourceVersion "1"]
[SourceVersionDate "2023.10.10"]
[SourceQuality "1"]

1. d4 d5 2. Nf3 g6 3. c4 c6 4. Nc3 Nf6 5. Bf4 Bg7 6. e3 0-0 7. Bd3 dxc4 8. Bxc4 Nbd7 9. h3 Nb6 10. Bb3 Nbd5 11. Bh2 Nxc3 12. bxc3 Qa5 13. Rc1 Ne4 14. 0-0 Qh5 15. Ne5 Qxd1 16. Rfxd1 Ng5 17. c4 Rd8 18. h4 Ne4 19. c5 Be6 20. Bxe6 fxe6 21. f3 Nf6 22. Rb1 Nd5 23. Rxb7 Nxe3 24. Rd3 Bxe5 25. Bxe5 Nd5 26. Ra3 a5 27. Rab3 Kf7 28. Kf2 Nb4 29. a3 Nd5 30. Ke2 h6 31. Kd3 1/2-1/2